| 000 | 00609nam a2200205 a 4500 | ||
|---|---|---|---|
| 001 | 2889 | ||
| 003 | CDMR | ||
| 005 | 20130403134202.0 | ||
| 008 | 130130s1993||||||||||||||||||||||||||||d | ||
| 020 | _a8426423671 | ||
| 040 |
_aCDMR _bcat _cCDMR |
||
| 100 | 1 |
_aUnamuno, Miguel de _93053 _d1864-1936 |
|
| 245 | 1 | 0 |
_aMiguel de Unamuno _b: artículos en Las Noticias de Barcelona (1899-1902) _cAdolfo Sotelo Vazquez |
| 260 |
_aBarcelona _c1993 _bLumen |
||
| 300 |
_a429 p ; _c19 cm |
||
| 490 | 0 |
_aPalabra Crítica _v17 |
|
| 650 | 2 | 4 |
_9195 _aPremsa _zCatalunya |
| 700 | 1 |
_92117 _aSotelo Vázquez, Adolfo |
|
| 942 |
_cMON _2udc |
||
| 999 |
_c2889 _d2889 |
||